Jean-Marc Le Page, La bombe atomique, De Hiroshima à Trump. Passés/Composés, 2021, 320 pages, 22 €. (notice n° 1618213)

détails MARC
000 -LEADER
fixed length control field 01149cam a2200157 4500500
005 - DATE AND TIME OF LATEST TRANSACTION
control field 20260111085542.0
041 ## - LANGUAGE CODE
Language code of text/sound track or separate title fre
042 ## - AUTHENTICATION CODE
Authentication code dc
100 10 - MAIN ENTRY--PERSONAL NAME
Personal name Loizillon, Victor
Relator term author
245 00 - TITLE STATEMENT
Title Jean-Marc Le Page, La bombe atomique, De Hiroshima à Trump. Passés/Composés, 2021, 320 pages, 22 €.
260 ## - PUBLICATION, DISTRIBUTION, ETC.
Date of publication, distribution, etc. 2021.<br/>
500 ## - GENERAL NOTE
General note 64
520 ## - SUMMARY, ETC.
Summary, etc. Armé d’une lucidité radicale, blessé par tant d’années de solitude et d’exil intérieur dans son propre pays, l’écrivain romancier essayiste Boualem Sansal ne cesse d’éprouver à vif la rudesse, le tragique et l’absurde de l’enfermement des systèmes étatiques politico-religieux de l’Algérie d’aujourd’hui. Tout au long de cet entretien, il esquisse les lignes de tension et de résistance de son cheminement personnel, sa passion pour l’ascèse et l’écriture, ses convictions, ses rares admirations et sa vision d’un avenir qu’il entrevoit aussi sombre que périlleux.
786 0# - DATA SOURCE ENTRY
Note Études | Juillet-Août | 7 | 2021-06-21 | p. 116zb-144zb | 0014-1941
856 41 - ELECTRONIC LOCATION AND ACCESS
Uniform Resource Identifier <a href="https://shs.cairn.info/revue-etudes-2021-7-page-116zb?lang=fr&redirect-ssocas=7080">https://shs.cairn.info/revue-etudes-2021-7-page-116zb?lang=fr&redirect-ssocas=7080</a>

Pas d'exemplaire disponible.

PLUDOC

PLUDOC est la plateforme unique et centralisée de gestion des bibliothèques physiques et numériques de Guinée administré par le CEDUST. Elle est la plus grande base de données de ressources documentaires pour les Étudiants, Enseignants chercheurs et Chercheurs de Guinée.

Adresse

627 919 101/664 919 101

25 boulevard du commerce
Kaloum, Conakry, Guinée

Réseaux sociaux

Powered by Netsen Group @ 2025